Countries by Closest Non-Bordering Countries - Statistics

General Stats
  • This quiz has been taken 82 times
    80 since last reset
  • The average score is 13 of 20
Answer Stats
Answer % Correct
Canada
96%
Indonesia
89%
Costa Rica
85%
Germany
85%
Iraq
85%
Mongolia
85%
Luxembourg
83%
Ukraine
79%
Kenya
77%
Lesotho
74%
Morocco
70%
Somalia
70%
Kiribati
62%
Nepal
62%
Equatorial Guinea
55%
Philippines
49%
Brazil
43%
South Sudan
34%
Andorra
32%
Vanuatu
32%
No matching quizzes found
Score Distribution
Percent of People with Each Score
Percentile by Number Answered
Your Score History
You have not taken this quiz since the last reset